|
|
|
|
| LEADER |
00898nam a2200229 a 4500 |
| 001 |
9879634 |
| 008 |
100106r19681966enkab b 001 0 eng d |
| 010 |
|
|
|a 66071343
|
| 040 |
|
|
|a DLC
|c TxCM
|d OCoLC
|d Uk
|d DLC
|d BD-DhAAL
|
| 082 |
0 |
0 |
|a 311.2
|
| 100 |
1 |
|
|a Allen, R. G. D.
|q (Roy George Douglas)
|
| 245 |
1 |
0 |
|a Statistics for economists /
|c [by] R. G. D. Allen.
|
| 250 |
|
|
|a 3rd (Revised ed.)
|
| 260 |
|
|
|a London :
|b Hutchinson,
|c 1966.[reprinted 1968]
|
| 300 |
|
|
|a 208 p. :
|b map, tables, diagrs. ;
|c 21 cm.
|
| 490 |
0 |
|
|a Hutchinson's University library: economics
|
| 504 |
|
|
|a Includes bibliography: (p. [200]-201) and index.
|
| 541 |
1 |
|
|e 00000141
|
| 650 |
|
0 |
|a Statistics.
|
| 852 |
4 |
|
|a Ayesha Abed Library
|j General Shelf.
|
| 999 |
|
|
|c 6752
|d 6752
|
| 952 |
|
|
|0 0
|1 0
|2 ddc
|4 0
|6 311_200000000000000_ALL_1968
|7 0
|9 6933
|a BRACUL
|b BRACUL
|c GEN
|d 2010-01-06
|g 0.00
|l 0
|o 311.2 ALL
|p 3010000141
|r 2010-01-06
|t 1
|w 2010-01-06
|y BK
|